00552nam a22001817a 450000500170000001000150001702000260003203500140005803700130007208200100008524500930009526000420018827000610023030000210029150000190031270000190033170000200035020170623144444.0 aENG-118915 a9788123017624c175.00 aEN-102447 bDBAD/PUB a320.8 aLocal governance:bAg global perspective /cedited by B.S. Baviskar [and] Ash Narain Roy aNew DelhibPublication Divisionc2012 aSoochna Bhawan, CGO Complex, Lodhi Road New Delhi-110003 a193pc23cm.(pbk) aIncludes Index aBaviskar, B.S. aRoy, Ash Narain